[Event "Olympiad"]
[Site "Bled SLO"]
[Date "2002.10.31"]
[Round "6"]
[White "Doghri,N"]
[Black "Salov,S"]
[Result "1/2-1/2"]
[WhiteElo "2325"]
[BlackElo "2297"]

1.e4 c5 2.Nf3 e6 3.d4 cxd4 4.Nxd4 a6 5.Bd3 Nf6 6.O-O d6 7.f4 g6 8.b3 Bg7
9.Bb2 O-O 10.Nd2 Nbd7 11.N4f3 Qc7 12.Qe1 e5 13.f5 gxf5 14.Nh4 Nc5 15.Nxf5 Bxf5
16.Rxf5 Nxd3 17.cxd3 Qc2 18.Rb1 Qxd3 19.Rf3 Qb5 20.Qh4 Qb6+ 21.Kh1 d5 22.Bxe5 Nxe4
23.Nxe4 Bxe5 24.Rf6 Qe3 25.Re1 Qd4 26.Qg5+ Kh8 27.Qf5 Bxf6 28.Nxf6 Qh4 29.Qe5 Qh6
30.h3 d4 31.Qxd4 Rad8 32.Qe5 Qg6 33.Re4 Rd1+ 34.Kh2 Rf1 35.Nxh7+ Kxh7 36.Rh4+ Qh6
37.Qe4+ Kg7 38.Qd4+ Qf6 39.Rg4+ Kh8 40.Rh4+ Kg8 41.Rg4+ Kh7  1/2-1/2

[Event "Olympiad"]
[Site "Bled SLO"]
[Date "2002.10.31"]
[Round "6"]
[White "Wong Zi Jing"]
[Black "Gwaze,R"]
[Result "0-1"]
[WhiteElo "2297"]
[BlackElo "2280"]

1.e4 c5 2.Nf3 e6 3.d4 cxd4 4.Nxd4 a6 5.Bd3 Qc7 6.O-O Nf6 7.c4 d6 8.b3 g6
9.Bb2 Bg7 10.Nd2 O-O 11.Kh1 Nc6 12.Nxc6 bxc6 13.f4 Nd7 14.Rb1 Bb7 15.f5 e5
16.Bc1 a5 17.Qe1 Rfe8 18.Ba3 Nc5 19.Bc2 Na6 20.f6 Bf8 21.Rd1 Nc5 22.Qh4 Ne6
23.Nf3 a4 24.Bc1 Nf4 25.Ng5 h6 26.Nh3 axb3 27.axb3 Ra2 28.Bb1 Nxg2 29.Qg3 Ra1
30.Bb2 Rxb1 31.Rxb1 Nf4 32.Rbe1 Nxh3 33.Qxh3 d5 34.Bc1 Kh7 35.Rd1 d4 36.Rd3 c5
37.Qg2 Qc6 38.Re1 Qxf6 39.Rf3 Qe6 40.Ref1 f5 41.exf5 gxf5 42.Qh3 f4  0-1

[Event "Olympiad w"]
[Site "Bled SLO"]
[Date "2002.10.31"]
[Round "6"]
[White "Kaps,D"]
[Black "Sharevich,A"]
[Result "1-0"]
[WhiteElo "2224"]
[BlackElo "2257"]

1.e4 c5 2.Nf3 e6 3.d4 cxd4 4.Nxd4 a6 5.Bd3 Qb6 6.Nb3 Qc7 7.O-O Nf6 8.f4 d6
9.Qf3 Nbd7 10.a4 b6 11.Nc3 Bb7 12.Qg3 e5 13.Be3 Bc6 14.Nd2 Nh5 15.Qf3 Nhf6
16.Qg3 Nh5 17.Qf3 Nhf6 18.Qg3 Bb7 19.Nc4 Rc8 20.Rae1 Bc6 21.Bf2 Nh5 22.Qe3 Nxf4
23.Nxb6 Nxb6 24.Qxb6 Qxb6 25.Bxb6 Nxd3 26.cxd3 Be7 27.Rc1 O-O 28.Be3 g6 29.b4 Rb8
30.Rb1 f5 31.b5 axb5 32.axb5 Bd7 33.Nd5 Bd8 34.b6 f4 35.Bf2 Rb7 36.Rfc1 Kf7
37.Ra1 Ke6 38.Ra7 Rb8 39.Kf1 g5 40.Ke2 g4 41.Nc7+ Bxc7 42.Rcxc7 Rf7 43.Kd2 Be8
44.Kc3 h5 45.Rxf7 Bxf7 46.Bh4 d5 47.Re7+ Kd6 48.Rxf7 dxe4 49.dxe4 Rxb6 50.Be7+ Kc6
51.Rf6+ Kb7 52.Rxb6+ Kxb6 53.Bf6 g3 54.hxg3 fxg3 55.Bxe5 h4 56.Bf6  1-0

[Event "Olympiad"]
[Site "Bled SLO"]
[Date "2002.11.02"]
[Round "8"]
[White "Wong Zi Jing"]
[Black "Garcia,Rau"]
[Result "1-0"]
[WhiteElo "2297"]
[BlackElo "2269"]

1.e4 c5 2.Nf3 e6 3.d4 cxd4 4.Nxd4 a6 5.Bd3 d6 6.c4 Nf6 7.Nc3 Bd7 8.f4 Nc6
9.Nf3 Be7 10.O-O O-O 11.Qe2 g6 12.Kh1 Rc8 13.b3 b5 14.e5 Ne8 15.Rd1 Nb4 16.Ba3 d5
17.cxd5 Nxd5 18.Bxe7 Nxe7 19.Rac1 Qc7 20.Qd2 Qb7 21.Nd4 Qb6 22.Be4 Bc6 23.Bxc6 Nxc6
24.Ne4 Rc7 25.Nf3 Ne7 26.Qd4 Qxd4 27.Nxd4 Nd5 28.g3 Kg7 29.Nc5 Ra7 30.Ndxe6+ fxe6
31.Nxe6+  1-0

[Event "Olympiad w"]
[Site "Bled SLO"]
[Date "2002.11.05"]
[Round "10"]
[White "Moncayo Romero,E"]
[Black "Stoilkovska,S"]
[Result "1-0"]
[WhiteElo "2173"]
[BlackElo "2013"]

1.e4 c5 2.Nf3 e6 3.d4 cxd4 4.Nxd4 a6 5.Bd3 Qc7 6.O-O Nf6 7.Qe2 d6 8.Be3 b5
9.a4 b4 10.c3 d5 11.exd5 Nxd5 12.cxb4 Bxb4 13.Rc1 Qd7 14.Qg4 O-O 15.Nc3 Bxc3
16.bxc3 Nxe3 17.Qe4 Nf5 18.Nxf5 exf5 19.Qxa8 Qxd3 20.Qxb8 Be6 21.Qb1 Qc4
22.Qb4 Rc8 23.Qxc4 Rxc4 24.Rab1 Kf8 25.Rb4 Ke7 26.Rxc4 Bxc4 27.Rd1 Be6 28.f3 Bd7
29.Rd4 g6 30.Kf2 Bc6 31.Ke3 h5 32.h4 f6 33.g3 g5 34.f4 g4 35.Kd3 Bd7 36.Kc2 Be6
37.c4 Bd7 38.Kb3 Bc6 39.Kb4 Bb7 40.Kc5 Bc8 41.Kb6 Ke8 42.c5  1-0

[Event "FSIM Nov"]
[Site "Budapest HUN"]
[Date "2002.11.05"]
[Round "4"]
[White "Schneider,At"]
[Black "Brustkern,J"]
[Result "0-1"]
[WhiteElo "2337"]
[BlackElo "2288"]

1.e4 c5 2.Nf3 e6 3.d4 cxd4 4.Nxd4 a6 5.Bd3 Qb6 6.Be3 Bc5 7.c3 Nc6 8.Nd2 Nxd4
9.Nc4 Qc7 10.cxd4 Bb4+ 11.Nd2 Nf6 12.Rc1 Qd8 13.O-O O-O 14.a3 Be7 15.Rc3 b5
16.Qf3 Bb7 17.Qh3 g6 18.Bf4 Rc8 19.Rxc8 Qxc8 20.Bg5 Qd8 21.Qh4 Re8 22.e5 Nh5
23.Bxe7 Rxe7 24.Rc1 d6 25.Be4 Bd5 26.Bxd5 exd5 27.Nf3 Qd7 28.Qg5 Ng7 29.h3 Re8
30.g4 Ne6 31.Qe3 dxe5 32.Qxe5 Rc8 33.Rxc8+ Qxc8 34.Kg2 Qc2 35.Kg3 Qxb2 36.Qxd5 Qxa3
37.Qe5 Qc3 38.d5 Qxe5+ 39.Nxe5 Nc5 40.Nc6 f6 41.h4 Kf7 42.g5 Nd7 43.Kf4 Nb6
44.Ke4 Nd7 45.Kd4 Kg7 46.f4 h6 47.gxh6+ Kxh6 48.d6 Kh5 49.Ne5 Nf8 50.Kd5 b4
51.Kc4 a5 52.Nc6 Kxh4 53.Ne7 Kh5 54.Ng8 Kg4 55.Ne7 Kxf4 56.Kd5 Kg5 57.Kc4 f5
58.Nc6 f4 59.Nxa5 f3 60.Nb3 f2 61.Nd2 Kf4 62.Kxb4 g5 63.Kc4 Ke3 64.Nf1+ Ke2
65.Ng3+ Kf3 66.Nf1 Kg2 67.Ne3+ Kf3 68.Nf1 g4 69.Kd3 Kg2 70.Ke2 g3 71.Nd2 Nd7
72.Nf1 Ne5 73.Nd2 Kg1 74.d7 Nxd7 75.Nf3+ Kg2 76.Nh4+ Kh3 77.Nf5 Nf6 78.Kf1 g2+
79.Kxf2 Kh2  0-1

[Event "Olympiad w"]
[Site "Bled SLO"]
[Date "2002.11.06"]
[Round "11"]
[White "Batchimeg,T"]
[Black "Sharevich,A"]
[Result "1/2-1/2"]
[WhiteElo "2140"]
[BlackElo "2257"]

1.e4 c5 2.Nf3 e6 3.d4 cxd4 4.Nxd4 a6 5.Bd3 Qb6 6.Nb3 Qc7 7.O-O Nf6 8.Nc3 b5
9.a3 Bb7 10.Qe2 d6 11.f4 Nbd7 12.Bd2 Be7 13.Rae1 O-O 14.Nd4 Nc5 15.Kh1 Nfd7
16.Rf3 Bf6 17.Be3 g6 18.Rg3 Bh4 19.Rh3 Bxe1 20.Qxe1 Qd8 21.Qg3 Nf6 22.f5 e5
23.Nf3 Nfxe4 24.Bxe4 Bxe4 25.Ng5 Bxf5 26.Rxh7 f6 27.Rh8+ Kg7 28.Rh7+ Kg8
29.Qh4 fxg5 30.Bxg5 Qxg5 31.Rh8+ Kg7 32.Qh7+ Kf6 33.Nd5+ Ke6 34.Nc7+ Kf6
35.Nd5+ Ke6 36.Nc7+ Kf6 37.Nd5+ Ke6 38.Nc7+ Kf6  1/2-1/2

[Event "Olympiad w"]
[Site "Bled SLO"]
[Date "2002.11.06"]
[Round "11"]
[White "Salman,M"]
[Black "Sanchez,Ali"]
[Result "1/2-1/2"]
[WhiteElo "2234"]
[BlackElo "2095"]

1.e4 c5 2.Nf3 e6 3.d4 cxd4 4.Nxd4 a6 5.Bd3 Qc7 6.O-O Nc6 7.Be3 Nf6 8.c4 b6
9.Nc3 Be7 10.Nb3 O-O 11.f4 d6 12.Rc1 Rb8 13.Nd5 Qd8 14.Nxe7+ Qxe7 15.Qe2 Qc7
16.Bd2 Nd7 17.Bc3 Nc5 18.Bb1 b5 19.cxb5 Rxb5 20.e5 Nxb3 21.axb3 dxe5 22.Bd3 Rd5
23.Bc4 Rdd8 24.fxe5 Nd4 25.Qf2 Nc6 26.Qc5 Qa7 27.b4 Bb7 28.Ra1 Qxc5+ 29.bxc5 Ra8
30.Rfd1 Rfd8 31.Rd6 Kf8 32.b4 g6 33.Rad1 Ke7 34.Kf2 Rxd6 35.Rxd6 Rd8 36.Bxa6 Bxa6
37.Rxc6 Bc4 38.Rd6 h5 39.Ke3 Rxd6 40.exd6+ Kd7 41.Bf6 Bf1 42.g3 Bb5 43.Kd4 Kc6
44.Be7 Kd7 45.Ke5 Bc6 46.Bg5 Bb5 47.Kd4 Kc6 48.Bf6 Ba4 49.Bd8 Bb5 50.Bb6 Ba4
51.Ke5 Kd7 52.Kf6 Ke8 53.Ke5 Kd7 54.Kd4 Kc6 55.Bd8 Bb5 56.Bf6 Ba4 57.Bg5 Bb5
58.Be7 Ba4 59.Ke5 Kd7 60.Bg5 Bb5 61.Bf4 Bc6 62.Kd4 Bb5 63.Bg5  1/2-1/2

[Event "Olympiad"]
[Site "Bled SLO"]
[Date "2002.11.07"]
[Round "12"]
[White "Stanojoski,Z"]
[Black "Paragua,M"]
[Result "0-1"]
[WhiteElo "2482"]
[BlackElo "2476"]

1.e4 c5 2.Nf3 e6 3.d4 cxd4 4.Nxd4 a6 5.Bd3 Nf6 6.O-O d6 7.Kh1 g6 8.f4 Bg7
9.Nf3 Nc6 10.Qe1 O-O 11.Nc3 b5 12.a4 bxa4 13.Nxa4 Rb8 14.c3 Qc7 15.Qe2 a5
16.Be3 Bb7 17.Bb6 Qe7 18.Qe1 e5 19.fxe5 Nxe5 20.Nxe5 Qxe5 21.Bd4 Qe6 22.Bxf6 Bxf6
23.c4 Bc6 24.Qf2 Be5 25.Nb6 Qg4 26.Rxa5 Bxe4 27.Bxe4 Qxe4 28.Rd5 f6 29.b4 Rb7
30.Re1 Qg4 31.h3 Qg3 32.Qg1 Rxb6 33.Re3 Qh4  0-1

[Event "Olympiad w"]
[Site "Bled SLO"]
[Date "2002.11.07"]
[Round "12"]
[White "Ankerst,Mil"]
[Black "Hamid,R"]
[Result "1/2-1/2"]
[WhiteElo "2140"]
[BlackElo "2148"]

1.e4 c5 2.Nf3 e6 3.d4 cxd4 4.Nxd4 a6 5.Bd3 Qc7 6.O-O Nf6 7.Nc3 b5 8.Qe2 Bb7
9.Kh1 d6 10.f4 Nc6 11.Nxc6 Bxc6 12.Bd2 Be7 13.Rae1 O-O 14.Rf3 b4 15.Nd1 d5
16.e5 Ne4 17.Rh3 g6 18.Be3 a5 19.Qg4 Rfd8 20.Bd4 Bc5 21.Bxc5 Nxc5 22.Qh4 h5
23.Qg5 Kf8 24.Qh6+ Ke8 25.Qg5 Qe7 26.Qg3 Nxd3 27.cxd3 Qc5 28.Ne3 Bb5 29.f5 Bxd3
30.fxe6 fxe6 31.Ng4 hxg4 32.Rh8+ Kd7 33.Rxd8+ Rxd8 34.Qxd3 Qc4 35.Qxg6 Rf8
36.Qg7+ Ke8 37.Qg6+ Ke7 38.Qg5+ Ke8 39.Qg6+ Kd8 40.Qg5+ Kc8 41.h4 gxh3 42.Kh2 Qf4+
43.Qxf4 Rxf4 44.Kg3 Rf5 45.gxh3 Kd7 46.h4 Ke7 47.Re2 Rf1 48.h5 Rg1+ 49.Kh4 Kf7
50.a3 b3 51.Rf2+ Kg7 52.Rf3 Re1 53.Rg3+ Kh7 54.Rxb3 Rxe5 55.Rb5 a4 56.Rb4 Re2
57.Kg5 e5 58.Rb7+ Kg8 59.Kg6 Rg2+ 60.Kf6 e4 61.Rd7 Rd2 62.Kg6 Kf8 63.h6 Rg2+
64.Kf6 Rf2+ 65.Ke6 Kg8 66.Rxd5 Rxb2 67.Rd4 e3 68.Rxa4 Rb3 69.Kf6 Kh7 70.Ra8 Rb6+
71.Kf5 Kxh6 72.Re8 Rb3 73.a4 Ra3  1/2-1/2

[Event "Last Autumn GM"]
[Site "Tel Aviv ISR"]
[Date "2002.11.07"]
[Round "6"]
[White "Roiz,M"]
[Black "Gofshtein,Z"]
[Result "1/2-1/2"]
[WhiteElo "2512"]
[BlackElo "2519"]

1.e4 c5 2.Nf3 e6 3.d4 cxd4 4.Nxd4 a6 5.Bd3 Bc5 6.c3 d6 7.O-O Nf6 8.Qe2 e5
9.Nb3 Ba7 10.Be3 Nc6 11.Bxa7 Rxa7 12.N1d2 b5 13.Rfd1 O-O 14.Nf1 Bg4 15.f3 Be6
16.Ne3 Qb6 17.Qf2 Rd8 18.Rd2 b4 19.c4 a5 20.Rad1 a4 21.Nc1 Rc8 22.Bf1 Ne8
23.g3 Na5 24.b3 axb3 25.axb3 Nc6 26.f4 f6 27.h4 Ra1 28.f5 Bf7 29.g4 Rb8 30.Nd5 Qxf2+
31.Kxf2 Rba8 32.Ne2 Rxd1 33.Rxd1 Ra2 34.Ke3 Rb2 35.Nc1 Bxd5 36.Rxd5 Rb1 37.Kd2 Nd4
38.c5 Rb2+  1/2-1/2

[Event "Olympiad w"]
[Site "Bled SLO"]
[Date "2002.11.10"]
[Round "14"]
[White "Novak,K"]
[Black "Sanchez,Ali"]
[Result "1/2-1/2"]
[WhiteElo "2111"]
[BlackElo "2095"]

1.e4 c5 2.Nf3 e6 3.d4 cxd4 4.Nxd4 a6 5.Bd3 b5 6.O-O Qb6 7.Nb3 Bb7 8.Nc3 d6
9.Be3 Qc7 10.f4 Nf6 11.a3 Be7 12.Qf3 Nbd7 13.Qg3 O-O 14.Rae1 Rfe8 15.Bd2 Bf8
16.e5 Nd5 17.Kh1 Nc5 18.Nxc5 dxc5 19.Ne4 c4 20.Be2 Red8 21.Bc1 Ne7 22.Nd6 Nf5
23.Nxf5 exf5 24.Bf3 Bxf3 25.Qxf3 Qe7 26.h3 Qe6 27.Rd1 g6 28.Rxd8 Rxd8 29.Rd1 Rxd1+
30.Qxd1 Be7 31.Qd4 Qc6 32.Bd2 Qe4 33.Qxe4 fxe4 34.Be3 f5 35.exf6 Bxf6 36.c3 Kf7
37.Kg1 h5 38.g4 Ke6 39.Kf2 Kd5 40.Bb6 Be7 41.Ke3 hxg4 42.hxg4 Bf6 43.Ke2 Bh4
44.Bf2 Bxf2 45.Kxf2 Ke6 46.Ke3 Kd5 47.Ke2 Ke6 48.Kd2 Kd6 49.Ke3 Kd5 50.Ke2 Ke6
51.Ke3 Kd5 52.f5 gxf5 53.gxf5 Ke5 54.f6 Kxf6 55.Kxe4 Ke6 56.Kd4 Kd6 57.Ke4 Kc5
58.Ke5 Kc6 59.Ke4 Kc5  1/2-1/2

[Event "Olympiad w"]
[Site "Bled SLO"]
[Date "2002.11.10"]
[Round "14"]
[White "Hunt,H"]
[Black "Paehtz,E"]
[Result "1/2-1/2"]
[WhiteElo "2406"]
[BlackElo "2349"]

1.e4 c5 2.Nf3 e6 3.d4 cxd4 4.Nxd4 a6 5.Bd3 Qc7 6.O-O Nf6 7.Qe2 d6 8.c4 g6
9.Nc3 Bg7 10.Rd1 O-O 11.Nf3 b6 12.Bf4 Nh5 13.Be3 Bb7 14.Rac1 Nd7 15.Qd2 Rfd8
16.Bg5 Re8 17.Be2 Bf8 18.Ne1 Ng7 19.b3 Nc5 20.Bf3 Rec8 21.Bh6 Be7 22.g3 Ne8
23.Bg2 Nf6 24.Qe2 Re8 25.f4 Ncd7 26.Nd3 Kh8 27.Bg5 Bf8 28.e5 Ng8 29.Bxb7 Qxb7
30.exd6 Bxd6 31.Ne4 Ba3 32.Rc3 f5 33.Nd2 Bf8 34.Nf3 h6 35.Bh4 Kh7 36.h3 Ndf6
37.Nde5 Rad8 38.Rcd3 Qc7 39.Kh2 Rd6 40.Nd4 Ne4 41.g4 Bg7 42.Ndf3 Bf8 43.Qg2 Qg7
44.g5 h5 45.Rxd6 Bxd6 46.Bf2 Qc7 47.Bd4 Ne7 48.Kh1 Nc6 49.Bb2 Nxe5 50.Nxe5 Rd8
51.Kh2 Bc5 52.Qe2 Bf2 53.Kg2 Bc5  1/2-1/2

[Event "ch-ROM"]
[Site "Curtea de Arges ROM"]
[Date "2002.11.25"]
[Round "2.1"]
[White "Burnoiu,N1"]
[Black "Manolache,M"]
[Result "1/2-1/2"]
[WhiteElo "2431"]
[BlackElo "2437"]

1.e4 c5 2.Nf3 e6 3.d4 cxd4 4.Nxd4 a6 5.Bd3 Ne7 6.O-O Nbc6 7.Nb3 g6 8.Bd2 Bg7
9.c3 O-O 10.f4 f5 11.Na3 b5 12.Nc2 fxe4 13.Bxe4 d5 14.Bf3 e5 15.fxe5 Bxe5
16.Bh6 Rf7 17.Nbd4 Nxd4 18.Nxd4 Qd6 19.h3 Bd7 20.Qd2 Bf4 21.Bxf4 Rxf4 22.Rae1 Rf7
23.Qg5 Raf8 24.Qe5 Qxe5 25.Rxe5 Nc6 26.Rxd5 Nxd4 27.Rxd4 Bc6 28.Rd6 Bxf3
29.gxf3 Rxf3 30.Rxf3 Rxf3 31.Rxa6 Rd3 32.Kf1 Rd2 33.b3 Rd3 34.Rb6 Rxc3 35.Rxb5 Rc1+
36.Ke2 Rc2+ 37.Kd3 Rxa2 38.Re5 Kf7 39.Re3 g5 40.Kd4 Rd2+ 41.Kc5 Rc2+ 42.Kb5 h5
43.b4 h4 44.Rb3 Rg2 45.Rb1 Rg3 46.Rh1 Ke6 47.Kc6 Rc3+ 48.Kb6 Kf5 49.b5 Kf4
50.Ka7 Ra3+ 51.Kb7 Kg3 52.Rg1+ Kxh3 53.Rxg5 Rg3 54.Rh5  1/2-1/2

[Event "40th Ann Open"]
[Site "Curacao AHO"]
[Date "2002.11.28"]
[Round "9"]
[White "Macieja,B"]
[Black "Zapata,A"]
[Result "1-0"]
[WhiteElo "2615"]
[BlackElo "2556"]

1.e4 c5 2.Nf3 e6 3.d4 cxd4 4.Nxd4 a6 5.Bd3 Nf6 6.O-O Qc7 7.Qe2 d6 8.c4 Be7
9.Nc3 O-O 10.f4 Nbd7 11.Kh1 Re8 12.Nf3 g6 13.f5 Bf8 14.fxg6 hxg6 15.Qf2 Bg7
16.Qh4 b6 17.Bh6 Bxh6 18.Qxh6 Ng4 19.Qh3 Nde5 20.Nxe5 Nxe5 21.Rf4 Qe7 22.Raf1 Qf8
23.Be2 Rb8 24.Nd1 Qg7 25.Qa3 Rd8 26.Ne3 Bb7 27.Ng4 f5 28.exf5 gxf5 29.Ne3 Ng6
30.R4f2 Qe5 31.Bf3 Rd7 32.Bxb7 Rbxb7 33.h3 Rh7 34.Rd2 Rbd7 35.Nd1 a5 36.Qd3 Qc5
37.b3 Ne5 38.Qe3 Qc6 39.Nf2 Rhg7 40.Nd3 Nxd3 41.Qxd3 Rg6 42.Rfd1 Kf7 43.Qd4 Rd8
44.Re2 Qc5 45.Qf4 Qc6 46.Rd3 b5 47.cxb5 Qxb5 48.Red2 Qc6 49.Rxd6 Rxd6 50.Qxd6 Qxd6
51.Rxd6 a4 52.b4 Rg3 53.b5 Ra3 54.Rd2 Rc3 55.Kh2 a3 56.b6 Rc6 57.Rd7+ Kf6
58.Rb7 f4 59.Rb8 Kg7 60.h4 e5 61.b7 Rb6 62.Kh3 Rb2 63.h5 Kh7 64.Kh4 Kg7 65.Kh3 Kh7
66.Kh4 Kg7 67.g4 fxg3 68.Kxg3 Rb4 69.Kf3 Kh7 70.Ke2 Kg7 71.Ke3 Kh7 72.h6 Rb2
73.Ke4 Rb4+ 74.Kxe5 Rb6 75.Kd5 Rb2 76.Kc4 Rb1 77.Kc3 Rb2 78.Kd4 Rb1 79.Kd5 Rb2
80.Kc6  1-0

[Event "ch-POL sf"]
[Site "Lubniewice POL"]
[Date "2002.11.30"]
[Round "1"]
[White "Zapolski,K"]
[Black "Kaszowski,D"]
[Result "1/2-1/2"]
[WhiteElo "2151"]
[BlackElo "2327"]

1.e4 c5 2.Nf3 e6 3.d4 cxd4 4.Nxd4 a6 5.Bd3 Bc5 6.Nb3 Ba7 7.Qe2 Nc6 8.Nc3 d6
9.Be3 Nf6 10.O-O-O O-O 11.Bxa7 Rxa7 12.f4 e5 13.f5 b5 14.Qf2 Rd7 15.Qf3 b4
16.Ne2 a5 17.Kb1 a4 18.Nbc1 d5 19.Ng3 a3 20.Nb3 axb2 21.Bb5 dxe4 22.Rxd7 exf3
23.Rxd8 Nxd8 24.gxf3 Bb7 25.Nc5 Bxf3 26.Re1 Nc6 27.Bxc6 Bxc6 28.Rxe5 Rd8
29.Nd3 Ng4 30.Rc5 Bg2 31.Kxb2 Nxh2 32.Nxb4 g6 33.a4 Nf3 34.a5 h5 35.Nc6 Ra8
36.fxg6 fxg6 37.Nxh5 gxh5 38.Rxh5 Kf7 39.Rf5+ Ke6 40.Rxf3 Bxf3 41.Nd4+ Kd5
42.Nxf3 Rxa5 43.Kb3 Rb5+ 44.Kc3  1/2-1/2

[Event "33rd NCC"]
[Site "Philadelphia USA"]
[Date "2002.11.30"]
[Round "4"]
[White "Samuelson,A"]
[Black "Bierkens,P"]
[Result "1-0"]
[WhiteElo "2171"]
[BlackElo "2245"]

1.e4 c5 2.Nf3 e6 3.d4 cxd4 4.Nxd4 a6 5.Bd3 Bc5 6.Nb3 Be7 7.Nc3 Qc7 8.Be3 b5
9.O-O Bb7 10.f4 Nf6 11.Qf3 d6 12.g4 O-O 13.g5 Nfd7 14.Qh5 g6 15.Qh6 f5 16.gxf6 Nxf6
17.Qh3 e5 18.fxe5 dxe5 19.Qe6+ Kg7 20.Qh3 h5 21.Bg5 Nbd7 22.Qh4 Rae8 23.Rad1 Nc5
24.Nxc5 Qxc5+ 25.Kh1 Qb4 26.Bxf6+ Bxf6 27.Qg3 Qd4 28.Rg1 g5 29.Rdf1 Bd8 30.Qh3 Kh6
31.Rxf8 Rxf8 32.Qe6+ Rf6 33.Qg8 g4 34.Nd5 Bxd5 35.exd5 e4 36.Qxd8 exd3 37.cxd3 Qf2
38.Qh8+ Kg5 39.Qg7+ Kh4 40.Rg2 Qf1+ 41.Rg1 Qf3+ 42.Rg2 Kh3  1-0

[Event "TCh-CZE 2002-3"]
[Site "Czech Rep CZE"]
[Date "2002.12.01"]
[Round "4"]
[White "Pokorna,Reg"]
[Black "Langner,L"]
[Result "1/2-1/2"]
[WhiteElo "2375"]
[BlackElo "2411"]

1.e4 c5 2.Nf3 e6 3.d4 cxd4 4.Nxd4 a6 5.Bd3 Nf6 6.O-O d6 7.c4 g6 8.Nc3 Bg7
9.Be3 b6 10.f3 Nbd7 11.Rc1 Bb7 12.Qd2 O-O 13.Rfd1 Re8 14.Bf1 Rc8 15.Nc2 Bf8
16.Kh1 Qc7 17.Qf2 Qb8 18.Nd4 Be7  1/2-1/2

[Event "ch-POL w sf"]
[Site "Lubniewice POL"]
[Date "2002.12.01"]
[Round "2"]
[White "Baran,B"]
[Black "Andrzejewska,E"]
[Result "0-1"]
[WhiteElo "2076"]
[BlackElo "2250"]

1.e4 c5 2.Nf3 e6 3.d4 cxd4 4.Nxd4 a6 5.Bd3 Bc5 6.Be3 Qb6 7.c3 Qxb2 8.Nd2 Qb6
9.N2b3 Bf8 10.O-O Qc7 11.c4 d6 12.f4 e5 13.Nf3 Nc6 14.Qe1 Nf6 15.Rd1 Be7
16.Kh1 b6 17.Nh4 exf4 18.Bxf4 Ne5 19.Nf5 Bxf5 20.exf5 O-O 21.Qg3 Nh5 22.Qh3 Nxf4
23.Rxf4 Nxd3 24.Rxd3 d5 25.Qg4 dxc4 26.Rxc4 Qe5 27.Re4 Qf6 28.Rd7 Bd6 29.Rd4 Rfe8
30.Rd1 Qe5 31.g3 Bf8 32.Nd4 Rac8 33.Nf3 Qe4 34.Qxe4 Rxe4 35.Ng5 Re7 36.Rd8 Re1+
37.Rxe1 Rxd8 38.Nf3 h5 39.Kg2 Bc5 40.Re2 Kf8 41.h3 a5 42.Nd2 Rd5 43.g4 hxg4
44.hxg4 a4 45.Ne4 Bb4 46.Rb2 Rd4 47.Kf3 Ke7 48.Ke3 Rc4 49.Kd3 b5 50.Rc2 Rxc2
51.Kxc2 g6 52.Kd3 gxf5 53.gxf5 Kd7 54.Kd4 Kc6 55.Ke5 Be7 56.f6 Bd8 57.Ng5 b4
58.Ne4 b3 59.axb3 axb3 60.Nc3 Kc5 61.Nb1 Kb4  0-1

[Event "Winter Cup"]
[Site "Bucharest ROM"]
[Date "2002.12.02"]
[Round "2"]
[White "Aldea,L"]
[Black "Chirila,C"]
[Result "0-1"]
[WhiteElo "2296"]
[BlackElo "2186"]

1.e4 c5 2.Nf3 e6 3.d4 cxd4 4.Nxd4 a6 5.Bd3 Qc7 6.O-O Nf6 7.Qe2 d6 8.c3 Nbd7
9.Nd2 Be7 10.f4 O-O 11.N2f3 Nc5 12.Bc2 e5 13.Nb3 Nxb3 14.axb3 Bd7 15.f5 Bc6
16.c4 b5 17.Rb1 Qb7 18.Bg5 Ne8 19.Bxe7 Qxe7 20.Nd2 Qb7 21.Rf3 a5 22.Bd3 b4
23.Rh3 a4 24.bxa4 Rxa4 25.Qh5 h6 26.Rf1 Nf6 27.Qe2 Ra2 28.Rb1 Rfa8 29.Rf3 Ra1
30.Rff1 Rxb1 31.Rxb1 Ra2 32.h3 Qa7+ 33.Qf2 Qa8 34.Qe1 Qa7+ 35.Qf2 Qa8 36.Qe3 Ra1
37.Kf2 Nd7 38.Nb3 Ra2 39.Kf3 Ra7 40.g4 Ba4 41.Ra1 Qb8 42.Nd2 Nc5 43.Rg1 Qd8
44.Ra1 Ra5 45.Rh1 Qh4 46.Kg2 Bc6 47.Bb1 Ra1 48.Nf3 Qd8 49.h4 Qa8 50.Nd2 Na4
51.g5 h5 52.g6 fxg6 53.fxg6 Nc5 54.Rf1 Ne6 55.Qh3 Qe8 56.Qf5 Nf4+ 57.Rxf4 exf4
58.Kf3 Ra8 59.Qxh5 Qe5 60.Qxe5 dxe5 61.Nb3 Ba4 62.Nc5 Bd1+ 63.Kf2 Ra5 64.Nd7 b3
65.Bd3 Bg4 66.Nb6 Ra2 67.c5 Rxb2+ 68.Kg1 Be2 69.Nc4 Rc2  0-1

[Event "ch-POL sf"]
[Site "Lubniewice POL"]
[Date "2002.12.02"]
[Round "3"]
[White "Sawicki,M"]
[Black "Kaszowski,D"]
[Result "1-0"]
[WhiteElo "2085"]
[BlackElo "2327"]

1.e4 c5 2.Nf3 e6 3.d4 cxd4 4.Nxd4 a6 5.Bd3 Bc5 6.Nb3 Ba7 7.Nc3 Nc6 8.Qe2 d6
9.Be3 Nf6 10.Bxa7 Rxa7 11.f4 O-O 12.O-O-O e5 13.f5 b5 14.g4 b4 15.Na4 Bd7
16.g5 Ne8 17.Qe3 Rb7 18.Bxa6 Rb8 19.Bc4 Qc7 20.Qd3 Rb7 21.g6 Nd8 22.gxh7+ Kh8
23.Ba6 Bxa4 24.Bxb7 Nxb7 25.Rhg1 f6 26.h4 Rf7 27.h5 Nc5 28.Nxc5 Qxc5 29.h6 Rc7
30.Rg2 Bb5 31.Qg3 Qa7 32.Qb3 Bc4 33.Qxb4 Qe3+ 34.Qd2 Qxe4 35.hxg7+ Rxg7 36.Rxg7 Nxg7
37.Qxd6 Qf4+ 38.Kb1  1-0

[Event "ch-POL sf"]
[Site "Lubniewice POL"]
[Date "2002.12.02"]
[Round "3"]
[White "Zapolski,K"]
[Black "Grycel,K"]
[Result "1/2-1/2"]
[WhiteElo "2151"]
[BlackElo "2295"]

1.e4 c5 2.Nf3 e6 3.d4 cxd4 4.Nxd4 a6 5.Bd3 Nf6 6.O-O Qc7 7.Qe2 d6 8.Be3 Nc6
9.f4 Nxd4 10.Bxd4 e5 11.Bc3 Be7 12.Nd2 b5 13.Nf3 b4 14.Bd2 O-O 15.Kh1 a5
16.c3 bxc3 17.Bxc3 Nd7 18.Rac1 Qb8 19.Rfd1 Bf6 20.f5 Qb6 21.Nd2 Nc5 22.Nc4 Qd8  1/2-1/2

[Event "ch-POL sf"]
[Site "Lubniewice POL"]
[Date "2002.12.04"]
[Round "5"]
[White "Luch,M"]
[Black "Kaszowski,D"]
[Result "0-1"]
[WhiteElo "2278"]
[BlackElo "2327"]

1.e4 c5 2.Nf3 e6 3.d4 cxd4 4.Nxd4 a6 5.Bd3 Bc5 6.Nb3 Ba7 7.Nc3 Nc6 8.Qe2 d6
9.Bf4 e5 10.Bg3 h5 11.h3 h4 12.Bh2 g5 13.O-O-O Nge7 14.Nd5 Ng6 15.Kb1 Be6
16.f3 Rc8 17.c3 Nf4 18.Nxf4 gxf4 19.Bc2 Ke7 20.Bg1 Bxg1 21.Rhxg1 Qb6 22.Rgf1 Rhg8
23.Qf2 Qxf2 24.Rxf2 Rg6 25.Nc1 Rcg8 26.Rdd2 Na5 27.b3 Rg5 28.Kb2 Nc6 29.Rfe2 Kd7
30.Nd3 Kc7 31.Ne1 f5 32.Rf2 Ne7 33.Rde2 Rg3 34.Bd3 fxe4 35.fxe4 Bf7 36.Rd2 Bh5
37.Bc4 R8g7 38.Be2 Re3 39.Bxh5 Rxe1 40.Bf3 Ng8 41.Rfe2 Rxe2 42.Rxe2 Nf6 43.c4 Rg3
44.Rc2 b6 45.b4 Nh7 46.c5 dxc5 47.bxc5 Ng5 48.cxb6+ Kxb6 49.Bg4 Nxe4 50.Re2 Re3
51.Rxe3 fxe3 52.Kc2 Nf2 53.Kc3 Kc5 54.Be2 a5 55.a3 Kd5 56.Bf3+ e4 57.Be2 Nh1
58.Bh5 Ng3 59.Bg4 Ke5 60.Kc2 Kd4 61.Kd1 Kc3 62.a4 Kd3 63.Ke1 Kd4 64.Be2 Ke5
65.Bg4  0-1

[Event "ch-GRE w"]
[Site "Athens GRE"]
[Date "2002.12.06"]
[Round "9"]
[White "Makka,I"]
[Black "Stiri,A"]
[Result "1-0"]
[WhiteElo "2257"]
[BlackElo "2170"]

1.e4 c5 2.Nf3 e6 3.d4 cxd4 4.Nxd4 a6 5.Bd3 Bc5 6.Nb3 Be7 7.Qg4 g6 8.Qe2 d6
9.O-O b6 10.Nc3 Bb7 11.Bd2 Nd7 12.Rae1 Ngf6 13.Bh6 Ne5 14.h3 Qc7 15.Nd4 Rg8
16.Bg5 Nh5 17.Bxe7 Qxe7 18.Nf3 f5 19.Qe3 Nxf3+ 20.Qxf3 O-O-O 21.Qe3 Qc7 22.Ne2 fxe4
23.Bxe4 d5 24.Bf3 e5 25.Nc1 Rde8 26.Rd1 d4 27.Qb3 Kb8 28.Bxb7 Qxb7 29.Ne2 g5
30.f3 Nf4 31.Nxf4 gxf4 32.c3 Rg3 33.Rf2 b5 34.cxd4 e4 35.d5 Qg7 36.Qb4 exf3
37.Qxf4+ Ka8 38.Rdd2 Rxh3 39.Rxf3 Re1+ 40.Kf2 Rxf3+ 41.Qxf3 Re8 42.d6+ Kb8
43.d7 Rd8 44.Qf4+ Kb7 45.Qe4+ Kb8 46.Qc6 Qg5 47.Qd6+ Kb7 48.Rd5 Qg7 49.Rd2 Qg5
50.Ke1 Qh4+ 51.Kd1 Qh5+ 52.Kc1 Qg4 53.Qd5+ Kb8 54.Kb1 Qg6+ 55.Ka1 Qf6 56.a3 Qe7
57.Rd3 Qe1+ 58.Rd1 Qe7 59.Qc6 Qe2 60.Qb6+  1-0

[Event "FSIMB Dec"]
[Site "Budapest HUN"]
[Date "2002.12.07"]
[Round "1"]
[White "Schneider,At"]
[Black "Brustkern,J"]
[Result "1/2-1/2"]
[WhiteElo "2337"]
[BlackElo "2288"]

1.d4 c5 2.e4 cxd4 3.Nf3 e6 4.Nxd4 a6 5.Bd3 Nf6 6.O-O d6 7.b3 Be7 8.Bb2 O-O
9.Nd2 b6 10.Qf3 Bb7 11.Qh3 g6 12.f4 Nc6 13.Nxe6 fxe6 14.Qxe6+ Rf7 15.Bc4 Qf8
16.e5 Nd8 17.Qh3 d5 18.exf6 Bxf6 19.Bxf6 Rxf6 20.Bd3 Rxf4 21.Nf3 Nf7 22.Qg3 Qd6
23.h4 Rf6 24.Qxd6 Nxd6 25.Ne5 Re6 26.Nd7 Ne4 27.Rae1 Kg7 28.c4 Rae8 29.cxd5 Bxd5
30.Bxe4 Bxe4 31.Rd1 Bf5 32.Rd4 h5 33.Rfd1 Re2 34.Nxb6 Rxa2 35.R1d2 Re2 36.Rxa2 Rxa2
37.Nc4 Be6 38.Nd2 a5 39.Kh2 Ra3 40.b4 axb4 41.Rxb4 Bd5 42.Rd4 Ra5 43.Nf1 Kf6
44.Rf4+ Ke5 45.Rf8 Ra2 46.Ne3 Be6 47.Kg3 Ra3 48.Rf3 Ra4 49.Rf8 Ra3 50.Kf2 Ra4
51.g3 Ra7 52.Re8 Kf6 53.Kf3 Ra4 54.Ke2 Ra3 55.Rf8+ Kg7 56.Rf4 Rb3 57.Ra4 Rb2+
58.Kf3 Ra2 59.Re4 Ra6 60.Kf4 Kf6 61.Rb4 Rd6 62.Nc2 Rc6 63.Ne3 Rd6 64.Kf3 Rc6
65.Rf4+ Kg7 66.Ke4 Rc5 67.Rf2 Ra5 68.Rb2 Kf6 69.Rb4 g5 70.hxg5+ Kxg5 71.Rb8 Kf6
72.Rb6 Re5+ 73.Kf3 Kg5 74.Rb4 Bd5+ 75.Kf2 Bc6 76.Rc4 Be4 77.Rc8 Re6 78.Rc5+ Kg6
79.Nc4 Bf5 80.Ne5+ Kf6 81.Nd7+ Kg5 82.Kf3 Ra6 83.Ne5 Ra3+ 84.Kf2 Kf6 85.Nc4 Rc3
86.Rc6+ Be6 87.Ne5 Rxc6 88.Nxc6 Kg5 89.Ne5 Bd5 90.Kg1 h4 91.Nf3+ Bxf3 92.gxh4+ Kxh4  1/2-1/2

[Event "ch-POL sf"]
[Site "Lubniewice POL"]
[Date "2002.12.08"]
[Round "9"]
[White "Adamski,M"]
[Black "Marszalek,Mac"]
[Result "1/2-1/2"]
[WhiteElo "2278"]
[BlackElo "2279"]

1.e4 c5 2.Nf3 e6 3.d4 cxd4 4.Nxd4 a6 5.Bd3 Qc7 6.O-O Nf6 7.Nc3 Bd6 8.h3 Nc6
9.Nxc6 dxc6 10.f4 e5 11.f5 Bc5+ 12.Kh2 b5 13.Bg5 Bb7 14.a4 Rd8 15.Qf3 h6
16.Bh4 Be7 17.b3 O-O 18.Ne2 Nh7 19.Qg3 Bxh4 20.Qxh4 Qd6 21.Qf2 c5 22.axb5 axb5
23.Nc3 b4 24.Na4 Rc8 25.Rad1 Qc7 26.Nb2 Nf6 27.Qh4 Rcd8 28.Rde1 Rd4 29.Rf3 Kh7
30.Rfe3 Qd8 31.Nc4 Nd7 32.Qf2 Re8 33.Nd2 Rd6 34.Nf3 Nb8 35.Bc4 Qe7 36.g4 Red8
37.g5 Nc6 38.Rg1 Nd4  1/2-1/2

[Event "Winter Cup"]
[Site "Bucharest ROM"]
[Date "2002.12.09"]
[Round "9"]
[White "Chirila,C"]
[Black "Dinu,DD"]
[Result "1/2-1/2"]
[WhiteElo "2186"]
[BlackElo "2315"]

1.e4 c5 2.Nf3 e6 3.d4 cxd4 4.Nxd4 a6 5.Bd3 Qc7 6.O-O Nf6 7.c4 d6 8.Nc3 Be7
9.Kh1 Nbd7 10.f4 b6 11.Qe2 Bb7 12.Bd2 O-O 13.Rfe1 Rfd8 14.Rac1 Rac8 15.b3 Qb8
16.Bb1 Bf8 17.Nf3 Qa8 18.Rcd1 Nc5 19.e5 Bxf3 20.gxf3 Ne8 21.Rg1 Nd7 22.Be1 dxe5
23.fxe5 Nxe5 24.Rxd8 Rxd8 25.Qxe5 Qxf3+ 26.Rg2 Qf1+ 27.Rg1 Qf3+ 28.Rg2 Qf1+
29.Rg1 Qf3+  1/2-1/2